00773 2200289 4500001002100000005001500021035002000036007000300056040001200059100003900071245007000110250001800180300002300198020001800221041000800239082000800247084000800255090000800263264003900271336002100310337003000331338002300361650002500384850001000409008004100419990002300460INLIS00000000000640520260416125744 a0010-0422000010ta aSBPUPAD3 aNursi, Bediuzzaman SaidePengarang1 aEpisode Mistis Kehidupan Rasulullah SAW /cBediuzzaman Said Nursi a.-ed.1.-cet.1 av,327hlm. ;c18 cm a979-3542-05-50 aind a297 a297 a297 a.--Jakarta :bPrenada Media,c2003 2rdacontentaTeks 2rdamediaaTanpa Perantara 2rdacarrieravolume 4aKehidupan Rasulullah aPUPAD260416 0  a1430//H/Arpus/2007